Game of Thrones Trivia- How Well Do You Know the Lannisters? - Statistics

General Stats
  • This quiz has been taken 5,298 times
  • The average score is 12 of 15
Answer Stats
Hint Answer % Correct
Member of the Kingsguard Jaime Lannister
97%
The sigil of the House Lion
97%
Clever, drunken dwarf Tyrion Lannister
97%
The Lord of the above place Tywin Lannister
97%
Queen of the Seven Kingdoms Cersei Lannister
96%
The eldest son of the Queen Joffrey Baratheon
96%
His nickname Kingslayer
95%
The seat of the Lannisters Casterly Rock
93%
The whore of the dwarf Shae
88%
The words of the House Hear me roar
76%
Lannister cousin, was a squire of Robert Baratheon Lancel Lannister
74%
What do Lannisters say to people they owe money? A Lannister always pays his debts
68%
The colors of the House Gold and Crimson
57%
The Father of above, uncle of the Queen Kevan Lannister
56%
The Lord's deceased wife Joanna Lannister
45%
No matching quizzes found
Score Distribution
Percent of People with Each Score
Percentile by Number Answered
Your Score History
You have not taken this quiz